Shoes by picture - Part 1 - Statistics

General Stats
  • This quiz has been taken 281 times
  • The average score is 8 of 16
Answer Stats
Picture Answer % Correct
Flip flops
89%
Crocs
84%
Cowboy boots
80%
Football shoes
73%
Uggs
71%
Ballet shoes
60%
Slippers
58%
Sneakers
58%
Snowboots
50%
Slip-ons
48%
Water shoes
35%
Boat shoes
21%
Climbing shoes
21%
Safety shoes
13%
Mexican pointy boots
7%
Caligae
4%
No matching quizzes found
Score Distribution
Percent of People with Each Score
Percentile by Number Answered
Your Score History
You have not taken this quiz